Guess the 1970s song lyrics #326 - Statistics

General Stats
  • This quiz has been taken 11 times
  • The average score is 182 of 263
Answer Stats
Answer % Correct
a
100%
an
100%
be
100%
I
100%
I'm
100%
it
100%
me
100%
my
100%
that
100%
the
100%
This
100%
will
100%
And
89%
and
89%
And
89%
ever
89%
in
89%
is
89%
love
89%
Love
89%
of
89%
on
89%
you
89%
You
89%
got
78%
has
78%
ho
78%
I'll
78%
or
78%
so
78%
So
78%
time
78%
to
78%
To
78%
you're
78%
You're
78%
as
67%
can
67%
everlasting
67%
for
67%
From
67%
from
67%
glad
67%
how
67%
I've
67%
no
67%
now
67%
oh
67%
Oh
67%
take
67%
with
67%
gave
56%
just
56%
knew
56%
life
56%
long
56%
loved
56%
more
56%
one
56%
than
56%
You've
56%
you've
56%
Cause
44%
first
44%
found
44%
into
44%
living
44%
made
44%
never
44%
Ooh
44%
true
44%
yeah
44%
Yeah
44%
anyone
33%
Because
33%
brought
33%
dreamed
33%
filled
33%
given
33%
giving
33%
happiness
33%
joy
33%
kind
33%
Loving
33%
much
33%
place
33%
some
33%
waited
33%
aha
22%
believe
22%
care
22%
Eternally
22%
forever
22%
Hey
22%
Hugging
22%
kissing
22%
lifetime
22%
lot
22%
mind
22%
pleasing
22%
siree
22%
squeezing
22%
thrill
22%
through
22%
Together
22%
wonderful
22%
yes
22%
Yes
22%
deserving
11%
rain
11%
rectified
11%
serving
11%
showed
11%
spare
11%
sunshine
11%
thrills
11%
whatever
11%
No matching quizzes found
Score Distribution
Percent of People with Each Score
Percentile by Number Answered
Your Score History
You have not taken this quiz